B.R.I.C.S Applied Countries - Statistics

General Stats
  • This quiz has been taken 16 times
  • The average score is 5 of 8
Answer Stats
Hint Answer % Correct
South America Venezuela
92%
Asia Pakistan
85%
Asia Bangladesh
77%
Asia Myanmar (Burma)
62%
Asia Sri Lanka
62%
Asia Azerbaijan
54%
Asia Syria
46%
Africa Senegal
31%
No matching quizzes found
Score Distribution
Percent of People with Each Score
Percentile by Number Answered
Your Score History
You have not taken this quiz